| 000 | 00836nam a2200205Ia 4500 | ||
|---|---|---|---|
| 003 | GCL | ||
| 008 | 140319s9999 xx 000 0 ara d | ||
| 040 |
_aGCL / _cGCL |
||
| 082 | 0 | 4 |
_a323.11 _bك م |
| 100 | 1 | _aكريمة حسن | |
| 245 | 1 | 0 |
_aمحنة الاسلام والمسلمين فى بلغاريا: بالوثائق والمعلومات النادرة ماساة المسلمين فى بلغاريا خلال مائة عام / _cكريمة حسن |
| 300 | _a153 ص | ||
| 490 |
_aالهيئة العامة للاستعلامات _v0 |
||
| 650 | 0 | 4 | _aبلغاريا , الاقليات |
| 650 | 0 | 4 | _aبلغاريا , المسلمون , تعداد |
| 650 | 0 | 4 | _aاوربا، الاسلام |
| 650 | 0 | 4 | _aبلغاريا , الشيوعية |
| 650 | 0 | 4 | _aبلغاريا , تاريخ , العصر الحديث |
| 942 |
_2ddc _cBK |
||
| 999 |
_c49348 _d49348 |
||